Data structures and algorithms in Java (Record no. 26278)

000 -LEADER
fixed length control field 00405nam a2200145Ia 4500
008 - FIXED-LENGTH DATA ELEMENTS--GENERAL INFORMATION
fixed length control field 230413s9999||||xx |||||||||||||| ||und||
020 ## - INTERNATIONAL STANDARD BOOK NUMBER
International Standard Book Number 9788126515226
082 ## - DEWEY DECIMAL CLASSIFICATION NUMBER
Classification number 005.1
Item number G654
100 ## - MAIN ENTRY--PERSONAL NAME
Personal name Goodrich, Michael T. & Tamassia, Roberto
245 #0 - TITLE STATEMENT
Title Data structures and algorithms in Java
250 ## - EDITION STATEMENT
Edition statement 3rd
260 ## - PUBLICATION, DISTRIBUTION, ETC. (IMPRINT)
Place of publication, distribution, etc New Delhi
Name of publisher, distributor, etc John Wiley & Sons Inc.
Date of publication, distribution, etc 2010
300 ## - PHYSICAL DESCRIPTION
Extent xvii, 681 p.
942 ## - ADDED ENTRY ELEMENTS (KOHA)
Item type Books
Holdings
Withdrawn status Lost status Damaged status Not for loan Permanent location Current location Date acquired Source of acquisition Full call number Barcode Date last seen Koha item type
        IMU Kolkata IMU Kolkata 2023-04-13 Gifted by Shailendra S Kathait (6049) 005.1 G654 G00543 2023-04-13 Books
Designed and Maintained by IMU-KC Library, Kolkata Campus © Copyright All Rights Reserved

webs counters

Powered by Koha